000 00309nam a22001337a 4500
008 171023b xxu||||| |||| 00| 0 eng d
020 _a0070391238
041 _aeng
080 _a338
100 _a54
101 _aMEN
245 _aTHE PRACTICE OF SUPERVISION AND MANAGEMENT
_cFRED.L
942 _2udc
_cBK
999 _c35343
_d35343